Departamentos de El Salvador - Estadísticas

Estadísticas generales
  • Esta prueba ha sido intentada 179 veces
    177 desde el último reinicio
  • La puntuación promedio es 11 de 14
Respuestas en el mapa
Las respuestas están codificadas por una escala verde-roja en el mapa de la prueba según el % correcto abajo.
 
Estadísticas de respuestas
Respuesta % Correcto
San Salvador
98%
San Miguel
88%
Santa Ana
85%
La Union
83%
San Vicente
83%
La Libertad
80%
La Paz
80%
Morazan
80%
Usulutan
75%
Sonsonate
73%
Aguachapan
70%
Cabañas
70%
Chalatenango
70%
Cuscatlan
65%
No se encontraron pruebas coincidentes
Distribución de puntuación
Porcentaje de gente con cada puntuación
Porcentaje por número respondido
Historial de tus puntuaciones
No has intentado esta prueba desde el último reinicio